| 000 | 00641nam a2200205Ia 4500 | ||
|---|---|---|---|
| 005 | 20230216114901.0 | ||
| 008 | 131103s9999 xx 000 0 und d | ||
| 020 |
_a754600165 _cRs.695.00 |
||
| 040 | _aLoreto College | ||
| 041 | _aEnglish | ||
| 082 |
_a820.9 _bWAG |
||
| 245 | 4 |
_aThe Victorian comic spirit _b New perspectives _cEdited by Jennifer A.Wagner-Lawlor |
|
| 260 |
_aAldershot _bAshgate _c2000 |
||
| 300 | _axx,252p | ||
| 504 | _aIncludes bibliographical references and index | ||
| 650 | _aEnglish Wit and Humour-19th Century-History and Criticism | ||
| 700 | _aWagner-Lawlor, Jennifer A. | ||
| 850 | _aLCLIB | ||
| 942 | _cBK | ||
| 999 |
_c19239 _d69718 |
||